Gegen das Vergessen /

Bibliographic Details
Main Author: Fried, Erich
Other Authors: Helm, Michael, 1941-
Format: Book
Language:German
Published: Köln : Bund-Verlag, [1987]
Series:Bund-Bibliophil

MARC

Tag First Indicator Second Indicator Subfields
LEADER 00000cam a2200000 a 4500
001 in00000018636
005 20151007054020.0
008 880606s1987 gw a 00010 ger d
020 |a 3766330683 
035 |a (OCoLC)18043744 
035 |9 AAB3695AM 
040 |a WAU  |c WAU  |d TXA  |d UtOrBLW 
049 |a TXAM  |c [A11052245] 
050 4 |a PT2611.R596  |b G34 1987 
100 1 |a Fried, Erich. 
245 1 0 |a Gegen das Vergessen /  |c Texte von Erich Fried ; Radierungen von Michael Helm ; Vorwort, Claudia Hahm. 
264 1 |a Köln :  |b Bund-Verlag,  |c [1987] 
264 4 |c ©1987 
300 |a 120 pages :  |b illustrations ;  |c 23 cm. 
336 |a text  |b txt  |2 rdacontent 
337 |a unmediated  |b n  |2 rdamedia 
338 |a volume  |b nc  |2 rdacarrier 
490 0 |a Bund-Bibliophil 
700 1 |a Helm, Michael,  |d 1941- 
999 |a MARS 
999 f f |s cd47d7ef-4165-3a26-8f7c-9af59e79fed3  |i aa26f2c8-47f7-3248-8bb5-42bdabd9dd52  |t 0 
952 f f |p ric  |a Texas A&M University  |b Rellis Campus  |c Joint Library Facility  |d Remote Storage  |t 0  |e PT2611.R596 G34 1987  |h Library of Congress classification  |i unmediated -- volume  |m A14811052245 
998 f f |a PT2611.R596 G34 1987  |t 0  |l Remote Storage